000 00619nam a22002177a 4500
003 UA-OsUOA
001 105975
007 ta
008 20140418b un ||||| |||| 00| 0 ukr d
100 _aГрицина В.
090 _a81
_bГ85
942 _cSA
040 _aUA-OsUOA
_bukr
_cUA-OsUOA
_dUA-OsUOA
245 _aЗасоби авторизації мовлення і наукових текстах
300 _aС.4
955 _a0
041 _aukr
080 _a81
773 0 _w105974
650 7 _a8 Мовознавство. Художня література. Літературознавство
_2UDC
999 _c392216
_d392216